| 000 | 00900nas a2200253 a 4500 | ||
|---|---|---|---|
| 001 | 000883021 | ||
| 003 | AM-YeHGA | ||
| 005 | 20250618074059.0 | ||
| 008 | 120410c18959999gs drzp 0 0arm d | ||
| 040 | _aAM-YeHGA | ||
| 041 | 0 | _aarm | |
| 245 | 0 | 0 |
_aՄշակ : _bՀասարակական, քաղաքական, գրական օրաթերթ / _cՀիմնադիր Գրիգոր Արծրունի. |
| 260 |
_aԹիֆլիս : _bԱ. Հ., _c1895-. |
||
| 300 |
_aհամար : _bնկ. |
||
| 310 | _aՕրաթերթ | ||
| 362 | _a1895- | ||
| 500 | _aՍկզբում լույս է տեսել, որպես շաբաթաթերթ | ||
| 650 | 0 | 4 | _aԱմսագիր |
| 650 | 1 | 4 |
_aՔաղաքականություն _vՊարբերականներ |
| 650 | 1 | 4 |
_aԳրականություն _vՊարբերականներ _98507 |
| 710 | 2 | _aՀիմնադիր Գրիգոր Արծրունի | |
| 942 |
_2udc _cCR |
||
| 090 | _c311759 | ||
| 999 |
_c310044 _d310044 |
||